Infinitos.

Uloženo v:
Podrobná bibliografie
Hlavní autor: Córdova, Adolfo (autor)
Další autoři: Sitja Rubio, Cristina (ilustraciones)
Médium: Neznámo
Jazyk:angličtina
Vydáno: Ciudad de México, México: Fondo de Cultura Económica (FCE), 2020.
Témata:
Tagy: Přidat tag
Žádné tagy, Buďte první, kdo vytvoří štítek k tomuto záznamu!

MARC

LEADER 00000 a2200000 4500
003 CL-VaPUC
005 20250417114939.0
008 230905t2020 ||||| |||| 00| 0 eng d
999 |c 441657  |d 441655 
040 |c Pontificia Universidad Católica de Valparaíso 
082 |2 22  |a Me861 COR 2020 
100 |a Córdova, Adolfo  |9 884313  |e autor 
245 |a Infinitos. 
260 |a Ciudad de México, México:   |b Fondo de Cultura Económica (FCE),  |c 2020. 
300 |a [26] páginas: ilustraciones.  
583 |k GC  |c 20230905 
650 0 |9 310305  |a Literatura infantil mexicana  |x Cuentos 
700 |9 884482  |a Sitja Rubio, Cristina   |e ilustraciones 
942 |2 ddc  |c BK 
952 |0 0  |1 0  |2 ddc  |4 0  |6 ME_861_000000000000000_COR_2020  |7 0  |8 A  |9 591433  |a BIBEDU  |b BIBEDU  |c GEN  |d 2023-09-04  |e 13  |g 12375.00  |i 5658562  |l 2  |o Me861 COR 2020  |p 5658562  |r 2025-03-20  |s 2025-03-20  |t 1  |v 12375.00  |w 2023-09-04  |y BK  |k PAR